00720nam a2200241 a 4500001001300000003000900013005001700022008004100039020001000080082001900090100002100109245005100130260003800181300000900219500003500228505001600263650002900279700002100308902000800329942000700337952011900344999001500463nice12345678IN_TiNIC20260116011724.0050524s1971 usaa grp 000 0 eng  ac10000a500.80201bEDD aEddy, Mary Baker aScience and Health With Key to the Scriptures. aUSAbFirst Church of Christc1971 a700p aincludes index and biblioraphy2 aUrdu-Arabic aChristianity and Science1 aEddy, Mary Baker bSRS cBK 001040708StackRoom-aHMIbHMId2007-06-11g100.00l0o500.80201 EDDp09932r2007-06-11v100.00w2005-05-24yBK c3537d3537